| 000 | 00383nam a2200133Ia 4500 | ||
|---|---|---|---|
| 008 | 210430s9999 xx 000 0 und d | ||
| 082 | _a668.9 R685 P | ||
| 100 | _aFerdinand Rodriguez | ||
| 245 |
_aPrinciples of Polymer Systems / _cFerdinand Rodriguez |
||
| 250 | _a2nd edition | ||
| 260 |
_aNew York _bHemisphere Publishing Corporation _c1982 |
||
| 300 | _a575 | ||
| 942 |
_cBK _2ddc |
||
| 999 |
_c562060 _d562060 |
||